Transistor circuit design (Record no. 23504)

000 -LEADER
fixed length control field 00584nam a22002171 4500
001 - CONTROL NUMBER
control field 23504
003 - CONTROL NUMBER IDENTIFIER
control field BD-DhUET
008 - FIXED-LENGTH DATA ELEMENTS--GENERAL INFORMATION
fixed length control field 721219s1963 nyua b 000 0 eng
040 ## - CATALOGING SOURCE
Original cataloging agency DLC
Transcribing agency DLC
Modifying agency BD-DhUET
082 ## - DEWEY DECIMAL CLASSIFICATION NUMBER
Classification number 623.8151
Item number TEX/1963
110 ## - MAIN ENTRY--CORPORATE NAME
Corporate name or jurisdiction name as entry element Texas Instruments Incorporated
245 10 - TITLE STATEMENT
Title Transistor circuit design
250 ## - EDITION STATEMENT
Edition statement 1st ed.
260 ## - PUBLICATION, DISTRIBUTION, ETC. (IMPRINT)
Place of publication, distribution, etc. New York
Name of publisher, distributor, etc. McGraw-Hill
Date of publication, distribution, etc. 1963
300 ## - PHYSICAL DESCRIPTION
Extent xi, 523 p.
Other physical details ill.
Dimensions 26 cm.
504 ## - BIBLIOGRAPHY, ETC. NOTE
Bibliography, etc Includes bibliographies
650 #0 - SUBJECT ADDED ENTRY--TOPICAL TERM
Topical term or geographic name as entry element Transistor : Electronics
700 ## - ADDED ENTRY--PERSONAL NAME
Personal name Walston, Joseph A.
700 ## - ADDED ENTRY--PERSONAL NAME
Personal name Miller, John R.
942 ## - ADDED ENTRY ELEMENTS (KOHA)
Koha item type Corporate Publication
Holdings
Location (home branch) Price effective from Koha date last seen Lost status Date acquired Piece designation (barcode) Shelving location Not for loan Koha full call number Koha item type Copy number Sublocation or collection (holding branch) Source of classification or shelving scheme Damaged status Withdrawn status Koha normalized classification for sorting
Central Library, BUET2015-05-042015-05-04 2015-05-0430610Circulation section 623.8151/TEX/1963 Corporate Publication1Central Library, BUET   623_815100000000000_TEX_1963
Central Library, BUET2015-05-042015-05-04 2015-05-0430607Circulation section 623.8151/TEX/1963Corporate Publication2Central Library, BUET   623_815100000000000_TEX_1963
Central Library, BUET2015-05-042015-05-04 2015-05-0430612Circulation section 623.8151/TEX/1963 Corporate Publication3Central Library, BUET   623_815100000000000_TEX_1963
Central Library, BUET2015-05-042015-05-04 2015-05-0430613Circulation section 623.8151/TEX/1963Corporate Publication4Central Library, BUET   623_815100000000000_TEX_1963
Central Library, BUET2015-05-042015-05-04 2015-05-0426687Circulation section 623.8151/TEX/1963 Corporate Publication5Central Library, BUET   623_815100000000000_TEX_1963
Central Library, BUET2015-05-072015-05-07 2015-05-0730608Circulation section 623.8151/TEX/1963Corporate Publication6Central Library, BUET   623_815100000000000_TEX_1963
Central Library, BUET2015-05-072015-05-07 2015-05-0730606Circulation section 623.8151/TEX/1963Corporate Publication7Central Library, BUET   623_815100000000000_TEX_1963
Central Library, BUET2015-05-072015-05-07 2015-05-0730609Circulation section 623.8151/TEX/1963Corporate Publication8Central Library, BUET   623_815100000000000_TEX_1963
Central Library, BUET2015-06-252015-06-25 2015-06-2530604Reading section 623.8151/TEX/1963Corporate Publication9Central Library, BUET   623_815100000000000_TEX_1963
Central Library, BUET2015-06-252015-06-25 2015-06-259968Reading section 623.8151/TEX/1963Corporate Publication10Central Library, BUET   623_815100000000000_TEX_1963
Central Library, BUET2015-06-252015-06-25 2015-06-2530605Reading section 623.8151/TEX/1963Corporate Publication11Central Library, BUET   623_815100000000000_TEX_1963